Open Data Biblioteca Nacional de Portugal


República Portuguesa: Ministério da Cultura
Biblioteca Nacional de Portugal

Catálogo da BNP: acesso por Identificadores Unívocos
Registos Bibliográficos associados ao registo de autoridade

Etiqueta de registo: 00443nam 2200157 450
001 1257121
003 http://id.bnportugal.gov.pt/bib/catbnp/1257121
100 ## $a20020606d1859 m y0pory01030103ba
101 0# $apor
102 ## $aPT
105 ## $ay z 000iy
106 ## $ar
200 1# $aChrispim e a comadre$eopera jocosa em 4 actos
210 #9 $aLisboa$cTyp. de Costa Sanches,$d1859
215 ## $a12 p.$d15 cm
300 ## $aNa folha de rosto: "Para se representar no Theatro de D. Fernando, na noite de 12 de Fevereiro de 1859"
300 ## $aPersonagens: Chrispim Tacchetto, Annetta, Fabricio, Mirabolano, Conde Del Fiore, Comadre, D. Asdrubale, Lisetta, Bortholo
500 10 $aCrispino e la comare.$nLibreto
601 02 $aTeatro de Dom Fernando$j[Libretos]$2SIPOR$31998441
606 ## $aÓperas$x[Argumentos]$2SIPOR$31273101
675 ## $a78.089.1$vBN$zpor$3506605
675 ## $a82-293$vBN$zpor$3488282
700 #1 $aPiave,$bFrancesco Maria,$f1810-1876$384005
701 #1 $aRicci,$bFederico,$f1809-1877$4230$399273
701 #1 $aRicci,$bLuigi,$f1805-1859$4230$364212
712 02 $aTipografia de Costa Sanches$c(Lisboa)$4610$31290550
801 #0 $aPT$bBN
966 ## $lBN$mFGMON$sL. 2166//11 A. $x0
976 ## $d20260514$rjamaral
997 ## $aBIBEOD

OpendataBNP@bnportugal.pt | Mais informação sobre acesso aos dados BNP